000 00513 a2200181 4500
003 OSt
005 20231214095705.0
008 231213b |||||||| |||| 00| 0 eng d
020 _a9789353903282
040 _coclc
082 _a894.8123
_bBAS/T
100 _aBasheer, Vaikom Muhammad
_97034
245 _aThenmaavu /
_cVaikom Muhammad Basheer
250 _a6th ed.
260 _aKottayam:
_bD C Books,
_c2023.
300 _a152p.
942 _2ddc
_cBK
_h894.8123
_iBAS/T
_k894.8123
_mBAS/T
999 _c44101
_d44101